00550nam a22001457a 4500020001800000082001600018245003800034260004200072700003000114700003100144700002700175942000700202999001900209952017600228 a9788126542345 a664bCHR/HI aHigh Pressure Processing of Foods aNew DelhibBlackwell Publishingc2013 aDoona, Christopher.J9286 aFeeherry, Florence .E9287 aDunne, C. Patrick9288 cBK c341395d341395 001040708General BoaKAUAETbKAUAETcGENd2016-06-06eSouthern Book Centreg4995.00l2m2o664 CHR/HIpKAU_KCAEFT-24904r2023-12-06 00:00:00s2023-08-23w2016-06-06yBK